000
00286nam a22001337a 4500
008
181009b xxu||||| |||| 00| 0 eng d
020
_a
9780442025328
041
_a
eng
080
_a
710
100
_a
44
101
_a
ART
245
_a
Designing Camelo
_c
Abbott,J.A
942
_2
udc
_c
BK
999
_c
49235
_d
49235